Documentos para el estudio de la reconquista y repoblación del Valle del Ebro

-д хадгалсан:
Номзүйн дэлгэрэнгүй
Үндсэн зохиолч: Lacarra, José María (Зохиогч)
Формат: Ном
Хэл сонгох:испани
Хэвлэсэн: Zaragoza, España Instituto de Estudios Medievales 1952
Нөхцлүүд:
Шошгууд: Шошго нэмэх
Шошго байхгүй, Энэхүү баримтыг шошголох эхний хүн болох!

MARC

LEADER 00000nam a2200000 a 4500
001 UCO1283
003 CL-VaPUC
005 20210605001552.0
008 000512e19520000SP |||||||||||||||||spa|d
999 |c 287911  |d 287909 
040 |c Pontificia Universidad Católica de Valparaíso 
082 0 4 |a 946.02 LAC 1952  |2 21 
100 0 |a Lacarra, José María  |e author  |9 443251 
245 1 0 |a Documentos para el estudio de la reconquista y repoblación del Valle del Ebro 
260 |a Zaragoza, España  |b Instituto de Estudios Medievales  |c 1952 
300 |a 668 páginas 
583 |a last modification  |c 20000512 00:00:00  |k Rodrigo Vera 
650 0 |a Historia de España  |9 315435 
650 7 |a DOCUMENTOS HISTORICOS  |2 CL-VaPUC  |9 366450  |z ESPAÑA 
650 7 |a RECONQUISTA  |2 CL-VaPUC  |9 396400  |z ESPAÑA 
650 0 |a Edad media  |z ESPAÑA  |z RIO EBRO  |9 258041 
852 |a BIBCUR 
942 |c BK  |2 ddc 
945 |d 20000512 00:00:00  |a rherrera 
952 |0 0  |1 0  |2 ddc  |4 0  |6 946_020000000000000_LAC_1952  |7 0  |8 A  |9 335003  |a BIBHIS  |b BIBHIS  |d 2019-11-20  |i 1269461  |o 946.02 LAC 1952  |p 1269461  |r 2025-01-20  |t 1  |w 2019-11-20  |y BK  |k HIS